Normal view
MARC view
- Rosnani Hashim
Entry Personal Name
001 - CONTROL NUMBER
- control field: 845
003 - CONTROL NUMBER IDENTIFIER
- control field: OSt
005 - DATE AND TIME OF LATEST TRANSACTION
- control field: 20170503152634.0
008 - FIXED-LENGTH DATA ELEMENTS
- fixed length control field: 170503|| aca||aabn | a|a d
040 ## - CATALOGING SOURCE
- Original cataloging agency: OSt
- Transcribing agency: OSt
100 ## - HEADING--PERSONAL NAME
- Personal name: Rosnani Hashim
670 ## - SOURCE DATA FOUND
- Source citation: Work cat.: (OSt)0: Wan Mohd Nor Wan Daud, 1955- 464, Konsep ilmu dalam Islam :, 1994

PORTAL AKMAL
E-MEL JKDM
AKMAL2U
G-BAM
u-PUSTAKA